[Event "EU-ch Online U18 Girls"]
[Site "Tornelo INT"]
[Date "2020.09.18"]
[Round "1"]
[White "Kostina, Veronika"]
[Black "Sorensen, Signe Sofie Boss"]
[Result "1-0"]
[WhiteElo "1801"]
[BlackElo "1385"]
[PlyCount "105"]
[EventDate "2020.09.18"]
[EventType "swiss (rapid)"]
[EventRounds "9"]
[EventCountry "ENG"]
[SourceTitle "CBM 198 Extra"]
[Source "ChessBase"]
[SourceDate "2020.11.30"]
[SourceVersion "1"]
[SourceVersionDate "2020.11.30"]
[SourceQuality "1"]

1. Nf3 c5 2. e4 Nc6 3. c3 Nf6 4. e5 Ng4 5. d4 cxd4 6. cxd4 d6 7. h3 Nh6 8. Nc3 e6 9. Bxh6 gxh6 10. Bb5 Bd7 11. 0-0 Qe7 12. Re1 d5 13. Rc1 Bg7 14. Qd2 0-0 15. Bd3 f6 16. exf6 Rxf6 17. Bb1 Raf8 18. Qc2 Bh8 19. Ne2 Qg7 20. Ng3 Rg6 21. Qd2 Rgf6 22. Nh5 Qf7 23. Nxf6+ Qxf6 24. Qd3 Qg7 25. Ne5 Nb4 26. Qg3 Qxg3 27. fxg3 Bxe5 28. Rxe5 Nc6 29. Rh5 Nxd4 30. Kh2 Ne2 31. Re1 Nd4 32. Rxh6 Rf7 33. Rh4 Nf5 34. Bxf5 Rxf5 35. Rf4 Rh5 36. g4 Rh6 37. Re5 Rg6 38. h4 Kg7 39. h5 Rf6 40. Rg5+ Kf7 41. Rxf6+ Kxf6 42. Rg8 e5 43. g5+ Kf7 44. Rb8 Bc6 45. Rc8 Ke6 46. Rc7 Kf5 47. Rxh7 Kxg5 48. Kh3 d4 49. g4 e4 50. Rg7+ Kh6 51. Re7 d3 52. Kh4 d2 53. g5# 1-0

[Event "EU-ch Online U18 Girls"]
[Site "Tornelo INT"]
[Date "2020.09.18"]
[Round "2"]
[White "Sorensen, Signe Sofie Boss"]
[Black "Moerwald, Magdalena"]
[Result "0-1"]
[WhiteElo "1385"]
[BlackElo "1850"]
[PlyCount "116"]
[EventDate "2020.09.18"]
[EventType "swiss (rapid)"]
[EventRounds "9"]
[EventCountry "ENG"]
[SourceTitle "CBM 198 Extra"]
[Source "ChessBase"]
[SourceDate "2020.11.30"]
[SourceVersion "1"]
[SourceVersionDate "2020.11.30"]
[SourceQuality "1"]

1. e4 c6 2. d4 d5 3. exd5 cxd5 4. Nc3 Nc6 5. Nf3 Bg4 6. Be2 Nf6 7. h3 Bh5 8. g4 Bg6 9. Bb5 a6 10. Bd3 Ne4 11. Be3 Nxc3 12. bxc3 e6 13. Bxg6 hxg6 14. Ng5 Be7 15. f4 Qc7 16. Qd3 Bxg5 17. fxg5 Na5 18. Ke2 Rc8 19. Bd2 Nc4 20. Raf1 Nb2 21. Qf3 Qc4+ 22. Ke1 Rc7 23. h4 Qxa2 24. Ke2 Qc4+ 25. Kf2 Na4 26. Rh3 b5 27. Rc1 b4 28. cxb4 Qxd4+ 29. Ke2 Qe4+ 30. Qxe4 dxe4 31. h5 gxh5 32. gxh5 Ke7 33. h6 g6 34. h7 e5 35. Ra1 Nb6 36. Bc3 Nc4 37. Rah1 Ke6 38. Rh4 Nb6 39. Rxe4 Rxc3 40. Kd2 Rcc8 41. Rhe1 Nc4+ 42. Kd3 Nb2+ 43. Kd2 Rhd8+ 44. Kc1 Nc4 45. Rh1 Rh8 46. Kd1 Na3 47. Rh2 Nb5 48. Re3 Nd4 49. Rd3 Rb8 50. c3 Nf5 51. c4 Rbd8 52. Rxd8 Rxd8+ 53. Kc2 Rh8 54. Kd3 Nd4 55. Ke4 f6 56. gxf6 Kxf6 57. Kd5 Kg7 58. Kxe5 Nf3+ 0-1